| 000 | 00775cab a2200265 4500 | ||
|---|---|---|---|
| 001 | WB3230-45 | ||
| 008 | 090401t1996 xxu||||| |||| 00| 0 eng d | ||
| 035 | _a(Sirsi) u64649 | ||
| 041 | _aeng | ||
| 245 | _aDTZ seeks space cuts | ||
| 260 | _c1996 | ||
| 350 | _a0 | ||
| 490 |
_aProperty Week _v56(5) 2 August 1996, 2(1) |
||
| 520 | _aDTZ Debenham Thorpe has commissioned KPMG to analyse its working practices in an attempt to reduce space requirements. | ||
| 650 | _aDTZ DEBENHAM THORPE | ||
| 650 | _aHOT DESKING | ||
| 650 | _aSPACE AUDIT | ||
| 650 | _aSPACE REQUIREMENTS | ||
| 650 | _aSURVEYING FIRMS | ||
| 650 | _aWORKING PRACTICES | ||
| 650 | _aWORKPLACE MANAGEMENT | ||
| 690 | _aOFFICE SERVICES AND ADMINISTRATION | ||
| 942 | _n0 | ||
| 948 | _c04/03/1997 | ||
| 999 |
_c40274 _d40274 |
||